[Event "49th Bosna it"]
[Site "Sarajevo BIH"]
[Date "2019.04.27"]
[Round "1.31"]
[White "Vajic, Goran"]
[Black "Jurisic, Iskra"]
[Result "1/2-1/2"]
[WhiteElo "2280"]
[BlackElo "1748"]
[EventDate "2019.04.27"]
[PlyCount "119"]

1.e4 c5 2.Nc3 g6 3.f4 Bg7 4.Nf3 d6 5.Bb5+ Bd7 6.Bc4 Nc6 7.d3 e6 8.O-O Nge7
9.Be3 Nd4 10.Bxd4 cxd4 11.Ne2 O-O 12.Bb3 b5 13.Qe1 a5 14.a4 bxa4 15.Bxa4 
Bxa4 16.Rxa4 Qb6 17.b3 Rfc8 18.Qd2 Nc6 19.f5 Nb4 20.Ne1 Qc5 21.Ng3 Qe5 22.
Rf2 exf5 23.exf5 Qe3 24.Nf1 Qxd2 25.Rxd2 Bh6 26.Re2 Rc5 27.fxg6 hxg6 28.
Nf3 Nxc2 29.Nxd4 Nb4 30.g3 Nxd3 31.Kg2 Nb4 32.Nd2 Bg7 33.N2f3 Kf8 34.Rd2 
Re8 35.Re2 Rxe2+ 36.Nxe2 Ke7 37.Kf2 Kd7 38.Nd2 d5 39.Nf3 Bf6 40.Ke3 Kc6 
41.h4 Kb6 42.Ne1 d4+ 43.Kd2 g5 44.Nd3 Rc2+ 45.Kd1 Ra2 46.Nxb4 Rxa4 47.Nd5+
Kc5 48.Nxf6 Ra1+ 49.Nc1 gxh4 50.gxh4 a4 51.bxa4 Rxa4 52.Nd3+ Kd6 53.Ke2 
Ke7 54.Nd5+ Kf8 55.Kf3 Kg7 56.Ke4 f6 57.N5b4 Kg6 58.Kxd4 Kh5 59.Ke4 Ra5 
60.Nc6 1/2-1/2

[Event "49th Bosna it"]
[Site "Sarajevo BIH"]
[Date "2019.04.27"]
[Round "1.33"]
[White "Hadzovic, Amir"]
[Black "Radulov, Nevena"]
[Result "1-0"]
[WhiteElo "2258"]
[BlackElo "1704"]
[EventDate "2019.04.27"]
[PlyCount "61"]

1.e4 c5 2.Nc3 Nc6 3.f4 d6 4.Bc4 Nf6 5.Nf3 a6 6.a4 Rb8 7.d3 e6 8.O-O g6 9.
Qe1 Bg7 10.f5 exf5 11.Bg5 O-O 12.Qh4 h6 13.Bxh6 Bxh6 14.Qxh6 Nh7 15.Qxg6+ 
Kh8 16.Qh5 Qf6 17.Nh4 f4 18.Nd5 Qe5 19.Nxf4 Qxh5 20.Nxh5 Ne5 21.Bd5 Be6 
22.Nf4 Bd7 23.Nh5 Be6 24.Nf5 Bxf5 25.Rxf5 f6 26.h3 b5 27.axb5 axb5 28.Ra7 
c4 29.d4 Ng6 30.Nf4 Nxf4 31.Rxf4 1-0

[Event "49th Bosna it"]
[Site "Sarajevo BIH"]
[Date "2019.04.27"]
[Round "1.34"]
[White "Rakita, Jandrija"]
[Black "Trumic, Enes"]
[Result "0-1"]
[WhiteElo "1689"]
[BlackElo "2241"]
[EventDate "2019.04.27"]
[PlyCount "106"]

1.e4 e5 2.Nf3 Nc6 3.d4 exd4 4.Nxd4 Nf6 5.Nxc6 bxc6 6.Bd3 d5 7.exd5 cxd5 8.
O-O c6 9.Bg5 Be6 10.c3 Bd6 11.Qa4 O-O 12.Qh4 h6 13.Bxf6 Qxf6 14.Qxf6 gxf6 
15.Nd2 a5 16.Nf3 Rfb8 17.b3 c5 18.Rab1 a4 19.c4 axb3 20.axb3 Rb4 21.cxd5 
Bxd5 22.Nd2 Rd4 23.Nc4 Rxd3 24.Nxd6 Bxb3 25.Ne4 Rc8 26.Nxf6+ Kf8 27.Ng4 
Be6 28.Ne3 c4 29.Rfd1 Rb3 30.Rbc1 h5 31.Kf1 Kg7 32.Rd2 Kf6 33.Rdc2 Rb4 34.
Rc3 Ke5 35.Ke2 Kd4 36.Kd2 Rb2+ 37.Nc2+ Kc5 38.Ke3 Bd5 39.f3 h4 40.Kf4 h3 
41.gxh3 Rh8 42.Kg3 Be6 43.h4 Rb3 44.Ne3 Kd4 45.Nd1 Rg8+ 46.Kf2 Rxc3 47.
Rxc3 Bh3 48.Ke1 Rg1+ 49.Kd2 Rxd1+ 50.Kxd1 Kxc3 51.Kc1 Bf5 52.h5 Kd3 53.h6 
c3 0-1

[Event "49th Bosna it"]
[Site "Sarajevo BIH"]
[Date "2019.04.27"]
[Round "1.35"]
[White "Mrndjic, Muamer"]
[Black "Hasanovic, Jakub"]
[Result "1-0"]
[WhiteElo "2239"]
[BlackElo "1682"]
[EventDate "2019.04.27"]
[PlyCount "61"]

1.e4 e5 2.Nf3 Nf6 3.Nxe5 Qe7 4.Nf3 Qxe4+ 5.Be2 Bb4 6.O-O O-O 7.a3 Ba5 8.b4
Bb6 9.c4 c5 10.Bb2 Qg6 11.Ne5 Qh6 12.d4 cxd4 13.Bc1 g5 14.h4 Ne4 15.hxg5 
Qg7 16.Ng4 Nxg5 17.c5 d3 18.Bxd3 Qxa1 19.Bxg5 Bd8 20.Nh6+ Kg7 21.Nf5+ Kh8 
22.Bd2 Qa2 23.Nd6 Qd5 24.Be4 Qe6 25.Bf5 Qe7 26.Nxc8 Qh4 27.g3 Rg8 28.Kg2 
Bc7 29.Bc3+ f6 30.Nd6 Rg7 31.Rh1 1-0

[Event "49th Bosna it"]
[Site "Sarajevo BIH"]
[Date "2019.04.27"]
[Round "1.36"]
[White "Bavcic, Fuad"]
[Black "Rasidovic, Sead"]
[Result "0-1"]
[WhiteElo "1681"]
[BlackElo "2225"]
[EventDate "2019.04.27"]
[PlyCount "80"]

1.d4 f5 2.Nf3 Nf6 3.h3 d6 4.Bf4 g6 5.e3 Bg7 6.Bc4 e6 7.c3 Qe7 8.O-O h6 9.
Bh2 g5 10.Nfd2 e5 11.dxe5 dxe5 12.Na3 a6 13.Be2 O-O 14.Nac4 Nc6 15.Qb3 Kh8
16.Qa3 Qe8 17.Rfd1 g4 18.hxg4 fxg4 19.Na5 Nd8 20.Ndc4 Nf7 21.b4 Ne4 22.Nd2
Nfg5 23.Nxe4 Nxe4 24.f3 g3 25.fxe4 gxh2+ 26.Kh1 Qg6 27.Bf3 h5 28.Rf1 h4 
29.Qb2 Qg3 30.Qf2 Rb8 31.Qxg3 hxg3 32.Be2 Be6 33.Rf3 Rxf3 34.gxf3 Rd8 35.
Nxb7 Rd2 36.Re1 Bh3 37.Nc5 Bh6 38.Nd3 Bxe3 39.Bf1 Bxf1 40.Rxf1 g2+ 0-1

[Event "49th Bosna it"]
[Site "Sarajevo BIH"]
[Date "2019.04.27"]
[Round "1.37"]
[White "Aleksic, Neven"]
[Black "Smajic, Ervin"]
[Result "1-0"]
[WhiteElo "2184"]
[BlackElo "1556"]
[EventDate "2019.04.27"]
[PlyCount "55"]

1.d4 d5 2.c4 c6 3.Nf3 dxc4 4.e4 Bg4 5.Bxc4 e6 6.Be3 Bb4+ 7.Nc3 Nf6 8.Bd3 
Nbd7 9.a3 Be7 10.Be2 c5 11.e5 Nd5 12.Nxd5 exd5 13.dxc5 Nxc5 14.O-O O-O 15.
Nd4 Bxe2 16.Qxe2 Ne6 17.Rad1 Qa5 18.Rd3 Rfd8 19.Rfd1 Rd7 20.Qg4 Qa6 21.Nf5
Bf8 22.Rxd5 Rc7 23.Rd7 g6 24.Rxc7 Nxc7 25.Nd6 Rd8 26.Bg5 f5 27.Qf3 Rd7 28.
Qb3+ 1-0

[Event "49th Bosna it"]
[Site "Sarajevo BIH"]
[Date "2019.04.27"]
[Round "1.38"]
[White "Zaloznik, Vesna"]
[Black "Abdic, Adnan"]
[Result "0-1"]
[WhiteElo "1556"]
[BlackElo "2177"]
[EventDate "2019.04.27"]
[PlyCount "66"]

1.e4 e5 2.Nf3 Nc6 3.Bc4 Bc5 4.c3 Qe7 5.O-O d6 6.d4 Bb6 7.Be3 Nf6 8.Ng5 O-O
9.Nxf7 Rxf7 10.Bxf7+ Qxf7 11.d5 Ne7 12.Bxb6 axb6 13.Nd2 Bd7 14.b3 Qg6 15.
f3 Qg5 16.Qe2 Ng6 17.Kh1 Nf4 18.Qf2 N6h5 19.g3 Nh3 20.Qg2 Rf8 21.Rae1 Rf6 
22.a4 Rg6 23.g4 N5f4 24.Qg3 Qf6 25.c4 h5 26.Ra1 hxg4 27.fxg4 Rxg4 28.Qe3 
Qg6 29.Rf3 Rg2 30.Rg3 Nf2+ 31.Qxf2 Rxf2 32.Rxg6 Nxg6 33.Ra2 Nh4 0-1

[Event "49th Bosna it"]
[Site "Sarajevo BIH"]
[Date "2019.04.27"]
[Round "1.39"]
[White "Sitnic, Adnan"]
[Black "Fejzic, Danis"]
[Result "1-0"]
[WhiteElo "2174"]
[BlackElo "1539"]
[EventDate "2019.04.27"]
[PlyCount "53"]

1.e4 c5 2.f4 d6 3.Nf3 Nc6 4.Bb5 Bd7 5.c3 Nf6 6.Qe2 a6 7.Ba4 b5 8.Bc2 e6 9.
d4 Be7 10.O-O O-O 11.h3 Nh5 12.d5 Ng3 13.Qf2 Nxf1 14.dxc6 Bxc6 15.Kxf1 Rc8
16.Be3 b4 17.c4 Bf6 18.Nbd2 Bxb2 19.Rd1 Bf6 20.e5 Be7 21.exd6 Bxd6 22.
Bxh7+ Kh8 23.Ng5 g6 24.Qh4 Kg7 25.Bg8 Rc7 26.Bxf7 Qe7 27.Qh7+ 1-0

[Event "49th Bosna it"]
[Site "Sarajevo BIH"]
[Date "2019.04.27"]
[Round "1.40"]
[White "Gazija, Tarik"]
[Black "Marn, Jan"]
[Result "0-1"]
[WhiteElo "1494"]
[BlackElo "2150"]
[EventDate "2019.04.27"]
[PlyCount "70"]

1.e4 d6 2.Nf3 Nf6 3.Nc3 g6 4.Bc4 Bg7 5.d3 O-O 6.O-O c6 7.d4 b5 8.Bb3 b4 9.
Ne2 Nxe4 10.Qd3 d5 11.c3 Ba6 12.Qe3 bxc3 13.bxc3 Bxe2 14.Qxe2 Nxc3 15.Qd3 
Ne4 16.Rb1 Nd7 17.Ba3 Nb6 18.Rbc1 Rc8 19.Qa6 Qd7 20.Rc2 Rfe8 21.Rfc1 e5 
22.Bb2 exd4 23.Bxd4 Bxd4 24.Nxd4 c5 25.Nb5 c4 26.Ba4 Nc5 27.Qa5 Ncxa4 28.
Nxa7 Ra8 29.Qb5 Rxa7 30.Qb4 d4 31.Re1 d3 32.Rcc1 c3 33.Rxe8+ Qxe8 34.Qd4 
d2 35.Rc2 Qe1# 0-1

[Event "49th Bosna it"]
[Site "Sarajevo BIH"]
[Date "2019.04.27"]
[Round "1.41"]
[White "Alihodzic, Muzafer"]
[Black "Mujicic, Benjamin"]
[Result "1-0"]
[WhiteElo "2147"]
[BlackElo "1488"]
[EventDate "2019.04.27"]
[PlyCount "57"]

1.e4 e5 2.Nc3 Nf6 3.g3 Bc5 4.h3 c6 5.Bg2 O-O 6.Nge2 Na6 7.d3 h6 8.O-O d5 
9.exd5 cxd5 10.Kh2 Nc7 11.f4 Bd6 12.fxe5 Bxe5 13.d4 Bd6 14.Bf4 Be6 15.Qd3 
Qd7 16.Be5 Be7 17.g4 Nce8 18.Rae1 Bd6 19.Nf4 Be7 20.Kh1 Nh7 21.Ncxd5 Bxd5 
22.Nxd5 Bh4 23.Bg3 Bxg3 24.Qxg3 Nef6 25.Re7 Qa4 26.c3 Qxa2 27.Nxf6+ Nxf6 
28.Rxb7 Rab8 29.Rxb8 1-0

[Event "49th Bosna it"]
[Site "Sarajevo BIH"]
[Date "2019.04.27"]
[Round "1.42"]
[White "Mrkovic, Nikola"]
[Black "Jerkovic, Maroje"]
[Result "0-1"]
[WhiteElo "1448"]
[BlackElo "2145"]
[EventDate "2019.04.27"]
[PlyCount "70"]

1.e4 c5 2.Nf3 Nc6 3.d4 cxd4 4.Nxd4 Nf6 5.Nc3 e5 6.Nb3 Bb4 7.Bd3 d5 8.exd5 
Nxd5 9.Bd2 Nxc3 10.bxc3 Bd6 11.O-O Qh4 12.Re1 Bg4 13.f3 Be6 14.Be4 Rd8 15.
Qe2 O-O 16.Be3 Qe7 17.Qb5 a6 18.Qb6 Qc7 19.Rad1 Rfe8 20.Rd2 Bxb3 21.cxb3 
Qxb6 22.Bxb6 Bc5+ 23.Bxc5 Rxd2 24.f4 Rxa2 25.Bxc6 bxc6 26.fxe5 h6 27.h3 
Kh7 28.Kh2 Kg6 29.Kg3 Kf5 30.Rf1+ Ke6 31.Rd1 Rc8 32.Rf1 a5 33.Re1 Rb8 34.
b4 a4 35.Rd1 Rc8 0-1

[Event "49th Bosna it"]
[Site "Sarajevo BIH"]
[Date "2019.04.27"]
[Round "1.43"]
[White "Bucan, Eldin"]
[Black "Tutic, Amina"]
[Result "1-0"]
[WhiteElo "2135"]
[BlackElo "1429"]
[EventDate "2019.04.27"]
[PlyCount "37"]

1.e4 c5 2.Nf3 e6 3.d4 cxd4 4.Nxd4 Nf6 5.Nc3 Bb4 6.Qd3 Nc6 7.Bd2 O-O 8.Be2 
Ne5 9.Qg3 d6 10.f3 a6 11.a3 Bc5 12.Be3 Qb6 13.O-O-O Ng6 14.Na4 Qa7 15.Nxc5
Qxc5 16.Nf5 Qe5 17.Nxd6 Qa5 18.Nc4 Qc7 19.Qxc7 1-0

[Event "49th Bosna it"]
[Site "Sarajevo BIH"]
[Date "2019.04.27"]
[Round "1.44"]
[White "Odzak, Tarik"]
[Black "Peric, Bernard"]
[Result "0-1"]
[WhiteElo "1354"]
[BlackElo "2128"]
[EventDate "2019.04.27"]
[PlyCount "92"]

1.Nf3 g6 2.d4 Bg7 3.Bf4 Nf6 4.h3 c6 5.e3 Qb6 6.b3 d6 7.c4 c5 8.Nc3 Nc6 9.
Nb5 a6 10.dxc5 Qa5+ 11.Qd2 axb5 12.cxb5 Qxd2+ 13.Nxd2 Nb4 14.Rc1 Nxa2 15.
Rc4 e5 16.Bg5 Be6 17.Bxf6 Bxf6 18.Ne4 d5 19.Nxf6+ Ke7 20.Nxd5+ Bxd5 21.Kd2
Bxc4 22.Bxc4 Rhd8+ 23.Kc2 Nb4+ 24.Kc3 Nd5+ 25.Bxd5 Rxd5 26.b4 Ra3+ 27.Kb2 
Rdd3 28.Rc1 Rdb3+ 29.Kc2 Rc3+ 30.Kb2 Rxc1 31.Kxa3 Rb1 32.Ka4 Kd7 33.b6 Kc6
34.f4 exf4 35.exf4 Ra1+ 36.Kb3 Kb5 37.Kb2 Ra4 38.c6 Kxc6 39.Kb3 Kb5 40.Kc3
Rxb4 41.f5 gxf5 42.g3 f4 43.gxf4 Rxf4 44.Kd3 Rf3+ 45.Ke4 Rxh3 46.Kf5 Rg3 
0-1

[Event "49th Bosna it"]
[Site "Sarajevo BIH"]
[Date "2019.04.27"]
[Round "1.45"]
[White "Strinic, Halid"]
[Black "Beslija, Hana"]
[Result "1-0"]
[WhiteElo "2124"]
[BlackElo "1297"]
[EventDate "2019.04.27"]
[PlyCount "51"]

1.e4 d5 2.Nc3 d4 3.Nce2 e5 4.d3 Nc6 5.f4 f6 6.Nf3 Bb4+ 7.Kf2 h6 8.f5 Nge7 
9.Nh4 Bd7 10.Ng3 O-O 11.Be2 Be8 12.Rf1 Kh8 13.Kg1 Rg8 14.a3 Bc5 15.Bd2 a6 
16.Bh5 b5 17.Qg4 Rb8 18.Qh3 Ra8 19.Rf3 Rb8 20.Raf1 b4 21.Ng6+ Nxg6 22.Bxg6
Bxg6 23.fxg6 Qc8 24.Qh5 Bf8 25.Rxf6 gxf6 26.Bxh6 1-0

[Event "49th Bosna it"]
[Site "Sarajevo BIH"]
[Date "2019.04.27"]
[Round "1.46"]
[White "Hadziabdic, Nadja"]
[Black "Maksimovic, Masa"]
[Result "0-1"]
[WhiteElo "1102"]
[BlackElo "2107"]
[EventDate "2019.04.27"]
[PlyCount "88"]

1.d4 g6 2.Bf4 Bg7 3.Nf3 d6 4.Nc3 a6 5.e3 b5 6.b4 Nd7 7.a3 Bb7 8.Bd3 c5 9.
Rb1 Rc8 10.Be4 Bxe4 11.Nxe4 cxd4 12.exd4 Ngf6 13.Ng3 Nd5 14.Qd2 Nxf4 15.
Qxf4 Rxc2 16.O-O Nf6 17.Rfc1 Rxc1+ 18.Rxc1 O-O 19.Ne4 Qd7 20.Nxf6+ Bxf6 
21.h3 Rc8 22.Rxc8+ Qxc8 23.Ng5 Qc3 24.Nf3 Qxa3 25.Qd2 Qb3 26.Qc1 Qxb4 27.
Qc8+ Kg7 28.Qxa6 Qb1+ 29.Kh2 b4 30.Nd2 Qb2 31.Nf3 Bxd4 32.Nxd4 Qxd4 33.f3 
b3 34.Qb7 b2 35.Qb3 Qf4+ 36.Kg1 Qc1+ 37.Kh2 b1=Q 38.Qxb1 Qxb1 39.f4 Kf6 
40.h4 Kf5 41.g3 Kg4 42.Kg2 Qc2+ 43.Kf1 Kf3 44.Ke1 Qc1# 0-1

[Event "49th Bosna it"]
[Site "Sarajevo BIH"]
[Date "2019.04.28"]
[Round "2.2"]
[White "Kozul, Zdenko"]
[Black "Obad, Andrija"]
[Result "1-0"]
[WhiteElo "2589"]
[BlackElo "2319"]
[EventDate "2019.04.27"]
[PlyCount "97"]

1.d4 Nf6 2.c4 e6 3.g3 d5 4.Bg2 Be7 5.Nf3 O-O 6.O-O dxc4 7.Qc2 a6 8.a4 Bd7 
9.Qxc4 Bc6 10.Bf4 Bd6 11.Bg5 Nbd7 12.Nc3 h6 13.Bxf6 Nxf6 14.Rfd1 a5 15.Ne5
Bxg2 16.Kxg2 c6 17.Qb3 Rb8 18.Nd3 Qe7 19.e4 e5 20.dxe5 Bxe5 21.Nxe5 Qxe5 
22.f3 Rfd8 23.Rxd8+ Rxd8 24.Rd1 Rxd1 25.Qxd1 Qc5 26.Qd8+ Kh7 27.Qd3 Kg8 
28.b3 Qa3 29.Nd1 Qc5 30.Ne3 g6 31.Nc4 Kg7 32.Qd2 b6 33.Qb2 h5 34.Ne5 Qd6 
35.Qc3 c5 36.Nc4 Qd8 37.Kf2 Kg8 38.Qe5 h4 39.g4 Ne8 40.Qd5 Qc7 41.e5 Kf8 
42.f4 Ke7 43.Ke3 h3 44.Kf3 Ng7 45.Kg3 Ne6 46.f5 gxf5 47.gxf5 Nd4 48.f6+ 
Ke8 49.Nd6+ 1-0

[Event "49th Bosna it"]
[Site "Sarajevo BIH"]
[Date "2019.04.28"]
[Round "2.3"]
[White "Trkulja, Goran"]
[Black "Djukic, Nikola"]
[Result "0-1"]
[WhiteElo "2309"]
[BlackElo "2566"]
[EventDate "2019.04.27"]
[PlyCount "92"]

1.e4 c5 2.Nf3 d6 3.Bb5+ Nd7 4.O-O a6 5.Bd3 Ngf6 6.c3 b5 7.Bc2 Bb7 8.d3 Qc7
9.Re1 Rc8 10.Nbd2 g6 11.Nf1 Bg7 12.Bd2 O-O 13.Qc1 e5 14.Bh6 Nh5 15.Bxg7 
Kxg7 16.Ne3 Kh8 17.a4 f5 18.Ng5 Ng7 19.axb5 axb5 20.Bb3 c4 21.dxc4 bxc4 
22.Bxc4 f4 23.Nf7+ Rxf7 24.Bxf7 fxe3 25.Qxe3 Nf6 26.Bd5 Nxd5 27.exd5 Bxd5 
28.Ra7 Bb7 29.Rea1 Qc6 30.f3 Nf5 31.Qd3 Re8 32.R7a4 Qb6+ 33.Kh1 Qxb2 34.
Rb1 Qf2 35.Qb5 Re7 36.Qa5 Kg7 37.Ra2 Qe3 38.Rab2 Bxf3 39.gxf3 Qxf3+ 40.Kg1
Ne3 41.Qb5 Qg4+ 42.Kh1 Nd1 43.Rg2 Qf3 44.Kg1 Nxc3 45.Qb3 Rf7 46.Re1 Ne2+ 
0-1

[Event "49th Bosna it"]
[Site "Sarajevo BIH"]
[Date "2019.04.28"]
[Round "2.4"]
[White "Brkic, Ante"]
[Black "Hodzic, Nihad"]
[Result "1-0"]
[WhiteElo "2560"]
[BlackElo "2296"]
[EventDate "2019.04.27"]
[PlyCount "57"]

1.e4 c5 2.Nf3 e6 3.d4 cxd4 4.Nxd4 Nf6 5.Nc3 d6 6.Be3 a6 7.Be2 Be7 8.f4 Qc7
9.g4 Nc6 10.g5 Nd7 11.Rf1 O-O 12.f5 Nxd4 13.Qxd4 Re8 14.O-O-O Bf8 15.h4 b5
16.fxe6 fxe6 17.Nd5 Qb7 18.Nf6+ Nxf6 19.gxf6 e5 20.Qd2 gxf6 21.Rxf6 Be6 
22.Rxf8+ Rxf8 23.Qxd6 Bf7 24.h5 Qxe4 25.Qh6 Bc4 26.Rg1+ Kf7 27.Rf1+ Kg8 
28.Bxc4+ Qxc4 29.Qg5+ 1-0

[Event "49th Bosna it"]
[Site "Sarajevo BIH"]
[Date "2019.04.28"]
[Round "2.5"]
[White "Galic, Zeljko"]
[Black "Kadric, Denis"]
[Result "0-1"]
[WhiteElo "2293"]
[BlackElo "2542"]
[EventDate "2019.04.27"]
[PlyCount "60"]

1.c4 e5 2.Nf3 d6 3.Nc3 f5 4.d3 Be7 5.g3 Nf6 6.Bg2 O-O 7.O-O Qe8 8.b4 a5 9.
b5 Nbd7 10.a4 Nc5 11.Ba3 Nfd7 12.Nd2 Kh8 13.Bxc5 Nxc5 14.Nb3 Ne6 15.d4 f4 
16.Ne4 Qh5 17.Bf3 Qg6 18.Rc1 Ng5 19.Nxg5 Bxg5 20.Rc3 e4 21.Bg2 Bf5 22.d5 
Rae8 23.Nd4 Bc8 24.c5 dxc5 25.Rxc5 fxg3 26.hxg3 e3 27.Ne6 exf2+ 28.Kh2 
Qh5+ 29.Bh3 Rxe6 30.dxe6 Bxe6 0-1

[Event "49th Bosna it"]
[Site "Sarajevo BIH"]
[Date "2019.04.28"]
[Round "2.7"]
[White "Kjartansson, Gudmundur"]
[Black "Mrndjic, Muamer"]
[Result "1-0"]
[WhiteElo "2444"]
[BlackElo "2239"]
[EventDate "2019.04.27"]
[PlyCount "69"]

1.c4 c5 2.Nf3 Nf6 3.Nc3 e6 4.g3 b6 5.Bg2 Bb7 6.O-O Be7 7.d4 cxd4 8.Qxd4 d6
9.Rd1 a6 10.Bg5 Nbd7 11.Qd2 O-O 12.Bf4 e5 13.Bg5 Qc7 14.Nh4 Bxg2 15.Nf5 
Nc5 16.Kxg2 Qb7+ 17.f3 Rfe8 18.Bxf6 Bxf6 19.Nxd6 Qc6 20.Nxe8 Qxe8 21.Nd5 
Bd8 22.b4 Nd7 23.Nc7 Bxc7 24.Qxd7 Qb8 25.Qc6 e4 26.Qxe4 Qf8 27.Rd7 Re8 28.
Qd3 Be5 29.Rb1 Bf6 30.a3 h5 31.Rc1 Re6 32.c5 Qe8 33.e4 Bg5 34.c6 Kh7 35.
Rc2 1-0

[Event "49th Bosna it"]
[Site "Sarajevo BIH"]
[Date "2019.04.28"]
[Round "2.8"]
[White "Trumic, Enes"]
[Black "Soysal, Serkan"]
[Result "0-1"]
[WhiteElo "2241"]
[BlackElo "2424"]
[EventDate "2019.04.27"]
[PlyCount "94"]

1.d4 d5 2.c4 c6 3.Nc3 Nf6 4.Nf3 dxc4 5.a4 Bf5 6.e3 e6 7.Bxc4 Bb4 8.O-O 
Nbd7 9.Qe2 O-O 10.e4 Bg4 11.e5 Nd5 12.Nxd5 exd5 13.Bd3 f6 14.e6 Re8 15.
Bxh7+ Kxh7 16.Qd3+ Kg8 17.exd7 Qxd7 18.h3 Qf5 19.Qxf5 Bxf5 20.Be3 a5 21.
Rfc1 Kf7 22.b3 g5 23.Bd2 Bd6 24.Rc3 Rh8 25.Ra2 g4 26.hxg4 Bxg4 27.g3 Rae8 
28.Nh2 Bf5 29.Kg2 Be4+ 30.Nf3 Rh5 31.Re3 Reh8 32.Kf1 Rh1+ 33.Ke2 b6 34.Rc3
c5 35.Be3 Rc8 36.Nd2 Bf5 37.Kf3 Rg1 38.Bf4 Be7 39.Ke2 cxd4 40.Rxc8 Bxc8 
41.Rb2 Ba6+ 42.Kf3 Bd3 43.Bc7 Ba3 44.Ra2 Bb4 45.Kf4 Re1 46.Kf3 Be4+ 47.Kg4
Re2 0-1

[Event "49th Bosna it"]
[Site "Sarajevo BIH"]
[Date "2019.04.28"]
[Round "2.9"]
[White "Dizdarevic, Emir"]
[Black "Aleksic, Neven"]
[Result "1-0"]
[WhiteElo "2423"]
[BlackElo "2184"]
[EventDate "2019.04.27"]
[PlyCount "83"]

1.Nf3 Nf6 2.c4 e6 3.b3 d5 4.Bb2 Be7 5.g3 O-O 6.Bg2 c5 7.cxd5 Nxd5 8.O-O 
Nc6 9.d4 cxd4 10.Nxd4 Bd7 11.Na3 Nxd4 12.Qxd4 Bf6 13.Qd2 Bxb2 14.Qxb2 Bc6 
15.Nc4 b5 16.Ne5 Bb7 17.Nd3 Qe7 18.Rfc1 Rfc8 19.Rxc8+ Rxc8 20.Rc1 Rxc1+ 
21.Qxc1 Nf6 22.Ne5 h6 23.Bxb7 Qxb7 24.Qc6 Qb8 25.Qc5 Qb7 26.Qd6 a6 27.Nd3 
Ne4 28.Qd8+ Kh7 29.Qd4 Nf6 30.f3 a5 31.Kf2 b4 32.Qc5 Qd5 33.Qxd5 Nxd5 34.
Ne5 Nc3 35.Nc6 Nxa2 36.Nxa5 Kg6 37.Ke3 e5 38.Kd3 f5 39.e3 Kg5 40.Nc6 e4+ 
41.fxe4 fxe4+ 42.Kxe4 1-0

[Event "49th Bosna it"]
[Site "Sarajevo BIH"]
[Date "2019.04.28"]
[Round "2.10"]
[White "Rasidovic, Sead"]
[Black "Savanovic, Aleksandar"]
[Result "0-1"]
[WhiteElo "2225"]
[BlackElo "2423"]
[EventDate "2019.04.27"]
[PlyCount "116"]

1.e4 Nf6 2.e5 Nd5 3.d4 d6 4.Nf3 Bg4 5.Be2 e6 6.O-O Be7 7.c4 Nb6 8.exd6 
cxd6 9.b3 O-O 10.Bb2 Nc6 11.Nbd2 d5 12.c5 Nd7 13.a3 Bf6 14.b4 a6 15.h3 Bh5
16.Re1 Re8 17.Qb3 Qc7 18.Bf1 Bg6 19.g3 h6 20.Bg2 b6 21.Rac1 Reb8 22.cxb6 
Qxb6 23.Qa4 Nxd4 24.Bxd4 Bxd4 25.Qxd7 Bxf2+ 26.Kh2 Bxe1 27.Rxe1 Rc8 28.Ne5
Rc7 29.Qa4 Bc2 30.Qa5 Qxa5 31.bxa5 Rb8 32.Bf1 Rb2 33.Rc1 Rc3 34.a4 f6 35.
Nef3 Ra3 36.Kg1 Rxa4 37.Bxa6 Rxa5 38.Bc8 e5 39.Be6+ Kf8 40.Ne1 Ke7 41.Bg4 
Raa2 42.Nf1 d4 43.Nd2 f5 44.Bh5 e4 45.Nf1 g5 46.g4 f4 47.Bg6 Kf6 48.Bf5 
Bb1 49.Rc6+ Ke5 50.Re6+ Kd5 51.Rxh6 f3 52.Nxf3 exf3 53.Be6+ Ke5 54.Bxa2 
Rxa2 55.Rh8 Be4 56.Re8+ Kd5 57.Kh1 Ra1 58.Kg1 Bd3 0-1

[Event "49th Bosna it"]
[Site "Sarajevo BIH"]
[Date "2019.04.28"]
[Round "2.11"]
[White "Subelj, Jan"]
[Black "Sitnic, Adnan"]
[Result "1-0"]
[WhiteElo "2407"]
[BlackElo "2174"]
[EventDate "2019.04.27"]
[PlyCount "59"]

1.e4 Nc6 2.Nf3 d6 3.d4 Nf6 4.Nc3 Bg4 5.Be3 e5 6.d5 Ne7 7.h3 Bd7 8.g4 h6 9.
Qd2 Ng6 10.Bd3 Be7 11.Ne2 Nh7 12.O-O-O Ng5 13.Ne1 c5 14.Ng3 Nxh3 15.Rxh3 
Bxg4 16.Rh1 Bxd1 17.Qxd1 a6 18.Nf5 Bf6 19.Ng2 b5 20.c4 Rb8 21.cxb5 O-O 22.
Bxh6 Bg5+ 23.Bxg5 Qxg5+ 24.Nge3 axb5 25.Rh5 Qd8 26.Qh1 Rb7 27.Rh7 f6 28.
Qh5 Qe8 29.Nxd6 Nf4 30.Rh8# 1-0

[Event "49th Bosna it"]
[Site "Sarajevo BIH"]
[Date "2019.04.28"]
[Round "2.12"]
[White "Abdic, Adnan"]
[Black "Ozen, Deniz"]
[Result "0-1"]
[WhiteElo "2177"]
[BlackElo "2403"]
[EventDate "2019.04.27"]
[PlyCount "79"]

1.e4 e6 2.d4 d5 3.Nc3 Nf6 4.exd5 exd5 5.Bg5 Be7 6.Bd3 O-O 7.Nge2 Nc6 8.O-O
Nb4 9.Ng3 Nxd3 10.Qxd3 h6 11.Bf4 c6 12.Rae1 Bd6 13.Be5 Ng4 14.Bxd6 Qxd6 
15.h3 Nf6 16.Re5 Be6 17.Rfe1 Rac8 18.Nd1 c5 19.c3 cxd4 20.Qxd4 Qa6 21.a3 
Rc4 22.Qd2 Nd7 23.R5e2 d4 24.Re4 Nc5 25.Re5 Qb6 26.cxd4 Nb3 27.Qe3 Nxd4 
28.Nh5 Qb3 29.Qxb3 Nxb3 30.Ne3 Rd4 31.Re2 Rfd8 32.f4 g6 33.f5 gxf5 34.Nxf5
Rd1+ 35.Kh2 Bxf5 36.Rxf5 Nd4 37.Nf6+ Kh8 38.Ree5 Nxf5 39.Rxf5 R1d2 40.Ng4 
0-1

[Event "49th Bosna it"]
[Site "Sarajevo BIH"]
[Date "2019.04.28"]
[Round "2.13"]
[White "Marn, Jan"]
[Black "Burovic, Rijad"]
[Result "0-1"]
[WhiteElo "2150"]
[BlackElo "2393"]
[EventDate "2019.04.27"]
[PlyCount "52"]

1.d4 d6 2.c4 e5 3.Nf3 e4 4.Nfd2 f5 5.Nc3 Nf6 6.e3 c6 7.b4 d5 8.Qb3 Be7 9.
Be2 O-O 10.O-O Kh8 11.b5 cxb5 12.cxb5 Be6 13.a4 Nbd7 14.a5 Rc8 15.Ba3 Bxa3
16.Qxa3 f4 17.exf4 Qc7 18.Rac1 Qxf4 19.Nb3 Bg4 20.h3 Rxc3 21.Bxg4 Nxg4 22.
hxg4 Rf3 23.Qe7 Rxf2 24.Rxf2 Qxf2+ 25.Kh1 Rf7 26.Qe6 Rf6 0-1

[Event "49th Bosna it"]
[Site "Sarajevo BIH"]
[Date "2019.04.28"]
[Round "2.14"]
[White "Borsuk, Konstantin"]
[Black "Alihodzic, Muzafer"]
[Result "1-0"]
[WhiteElo "2368"]
[BlackElo "2147"]
[EventDate "2019.04.27"]
[PlyCount "89"]

1.d4 d5 2.c4 c6 3.Nc3 Nf6 4.e3 e6 5.Nf3 dxc4 6.Bxc4 b5 7.Bd3 Bb7 8.e4 b4 
9.Na4 Nbd7 10.Bg5 Qa5 11.O-O e5 12.Qc2 Be7 13.Bh4 Rd8 14.Rfe1 O-O 15.Rad1 
h6 16.b3 Rfe8 17.Bc4 exd4 18.e5 d3 19.Bxd3 Nd5 20.e6 fxe6 21.Bg6 Bf6 22.
Bxe8 Rxe8 23.Bxf6 N5xf6 24.Nd4 Qd5 25.Nf5 Qa5 26.Nd6 Rb8 27.Nxb7 Rxb7 28.
Qxc6 Rc7 29.Qxe6+ Kh7 30.Qd6 Nc5 31.Nxc5 Rxc5 32.Qd3+ Rf5 33.Re3 Kh8 34.
Qd8+ Kh7 35.Qxa5 Rxa5 36.Rd2 Rc5 37.g3 a5 38.h3 Kg6 39.Kg2 Kf5 40.g4+ Kg6 
41.Rf3 h5 42.Rf5 Rc3 43.Rxa5 hxg4 44.hxg4 Nxg4 45.Rb5 1-0

[Event "49th Bosna it"]
[Site "Sarajevo BIH"]
[Date "2019.04.28"]
[Round "2.15"]
[White "Tomic, Aleksandar"]
[Black "Bucan, Eldin"]
[Result "1/2-1/2"]
[WhiteElo "2357"]
[BlackElo "2135"]
[EventDate "2019.04.27"]
[PlyCount "156"]

1.d4 Nf6 2.c4 e5 3.dxe5 Ng4 4.Bf4 Nc6 5.Nf3 Bb4+ 6.Nbd2 Qe7 7.a3 Ngxe5 8.
Nxe5 Nxe5 9.e3 Bc5 10.Nb3 Bb6 11.c5 Bxc5 12.Nxc5 Qxc5 13.Rc1 Qd6 14.Qh5 
Nd3+ 15.Bxd3 Qxd3 16.Qe5+ Kf8 17.Qxc7 Ke7 18.Qe5+ Kf8 19.Bg5 h6 20.Qe7+ 
Kg8 21.Bf4 b6 22.Rd1 Qc4 23.Qd8+ Kh7 24.Qc7 Qxc7 25.Bxc7 Re8 26.Rd4 Re6 
27.Kd2 f6 28.f3 Re7 29.Rc1 Bb7 30.Bd6 Re6 31.Rc7 Bc6 32.h4 a5 33.e4 a4 34.
h5 g6 35.hxg6+ Kxg6 36.Ke3 Ra5 37.Rc8 Rb5 38.Rg8+ Kh7 39.Rg3 Rxb2 40.Kf4 
Rb5 41.Rh3 Ree5 42.Rd1 Rh5 43.Rxh5 Rxh5 44.Be7 Rg5 45.g4 Kg7 46.Rd6 Rg6 
47.Bd8 b5 48.Ba5 Kf7 49.Bb4 Rg5 50.Bc3 Rg6 51.Ke3 Kg7 52.Kf4 Kf7 53.Ke3 
Kg7 54.Be1 Kf7 55.Bh4 h5 56.gxh5 Rh6 57.Kf4 Rxh5 58.Bxf6 Rh6 59.Kg5 Rh3 
60.Kg4 Rh6 61.e5 Rh1 62.f4 Rg1+ 63.Kf5 Rg3 64.Bg5 Rxa3 65.Rf6+ Kg7 66.Rg6+
Kf7 67.Rh6 Re3 68.Rh7+ Kg8 69.Re7 Rg3 70.Kg6 Kf8 71.Rh7 Kg8 72.Re7 Kf8 73.
Kf6 a3 74.Rh7 Kg8 75.Rg7+ Kh8 76.Re7 a2 77.Re8+ Kh7 78.Re7+ Kg8 1/2-1/2

[Event "49th Bosna it"]
[Site "Sarajevo BIH"]
[Date "2019.04.28"]
[Round "2.16"]
[White "Jerkovic, Maroje"]
[Black "Jakovljevic, Vlado"]
[Result "0-1"]
[WhiteElo "2145"]
[BlackElo "2356"]
[EventDate "2019.04.27"]
[PlyCount "46"]

1.f4 d5 2.e3 Nf6 3.Nf3 c5 4.b3 a6 5.Bb2 Nc6 6.Be2 g6 7.O-O Bg7 8.Ne5 Bd7 
9.Bf3 O-O 10.Nc3 Be8 11.Qc1 Rc8 12.g4 d4 13.Ne2 Nxe5 14.fxe5 Nd7 15.exd4 
cxd4 16.Bxd4 Nxe5 17.Bxb7 Nd3 18.Qd1 Bxd4+ 19.Nxd4 Qxd4+ 20.Kg2 Rc7 21.
Bxa6 Bc6+ 22.Kg3 Qe5+ 23.Kh4 Qxh2+ 0-1